00665nam a22001937a 450000500170000001000150001702000260003203500140005803700130007208200100008510000250009524500590012026000410017927000500022030000220027094200240029299900190031695201360033520170517124448.0 aENG-118208 a9789384275273c995.00 aEN-101740 bDBAD/PUB a954.5 aSharma, Shyam Sundar a History of north east india/cby Shyam Sundar Sharma aIndiabNE BOOKS AND PUBLISHERSc2017 aNational Highway Silchar- 788005 Assam, India a218p.c24cm. (Hb) 2ddccENh954.5mSHA c140020d140020 001040718NFICaDBADbDBADd2017-05-17eDBAD/PUBg995.00l0o954.5 SHApEN-101740r2017-05-17 00:00:00t1v995.00w2017-05-17yEN